Women, Reproduction, and Health in Rural Egypt : (Record no. 11632)
[ view plain ]
| 000 -LEADER | |
|---|---|
| fixed length control field | 01432cam a2200337 a 4500 |
| 001 - CONTROL NUMBER | |
| control field | 12110579 |
| 005 - DATE AND TIME OF LATEST TRANSACTION | |
| control field | 20000816170405.0 |
| 008 - FIXED-LENGTH DATA ELEMENTS--GENERAL INFORMATION | |
| fixed length control field | 000718s1999 ua b 001 0 eng |
| 010 ## - LIBRARY OF CONGRESS CONTROL NUMBER | |
| LC control number | 00314641 |
| 020 ## - INTERNATIONAL STANDARD BOOK NUMBER | |
| International Standard Book Number | 9774245288 |
| 040 ## - CATALOGING SOURCE | |
| Original cataloging agency | DLC |
| Transcribing agency | DLC |
| Modifying agency | DLC |
| 043 ## - GEOGRAPHIC AREA CODE | |
| Geographic area code | f-ua--- |
| 050 00 - LIBRARY OF CONGRESS CALL NUMBER | |
| Classification number | RG966.E3 |
| Item number | K535 1999 |
| 082 00 - DEWEY DECIMAL CLASSIFICATION NUMBER | |
| Classification number | 362.1982 |
| Edition number | 21 |
| Item number | KHA |
| 100 1# - MAIN ENTRY--PERSONAL NAME | |
| Personal name | Khattab, Hind A. S. |
| 9 (RLIN) | 5259 |
| 245 10 - TITLE STATEMENT | |
| Title | Women, Reproduction, and Health in Rural Egypt : |
| Remainder of title | The Giza Study / |
| Statement of responsibility, etc | Hind Khattab, Nabil Younis, Huda Zurayk (Reproductive Health Working Group). |
| 246 3# - VARYING FORM OF TITLE | |
| Title proper/short title | Giza Study |
| 260 ## - PUBLICATION, DISTRIBUTION, ETC. (IMPRINT) | |
| Place of publication, distribution, etc | Cairo, Egypt : |
| Name of publisher, distributor, etc | American University in Cairo Press, |
| Date of publication, distribution, etc | c1999. |
| 300 ## - PHYSICAL DESCRIPTION | |
| Extent | xvii, 220 p. ; |
| Dimensions | 24 cm. |
| 500 ## - GENERAL NOTE | |
| General note | "Dar el Kutub no. 3979/99"--T.p. verso. |
| 504 ## - BIBLIOGRAPHY, ETC. NOTE | |
| Bibliography, etc | Includes bibliographical references (p. 209-212) and index. |
| 650 #0 - SUBJECT ADDED ENTRY--TOPICAL TERM | |
| Topical term or geographic name as entry element | Maternal health services |
| Geographic subdivision | Egypt |
| Form subdivision | Case studies. |
| 9 (RLIN) | 5260 |
| 650 #0 - SUBJECT ADDED ENTRY--TOPICAL TERM | |
| Topical term or geographic name as entry element | Rural women |
| General subdivision | Health and hygiene |
| Geographic subdivision | Egypt |
| Form subdivision | Case studies. |
| 9 (RLIN) | 5261 |
| 650 #0 - SUBJECT ADDED ENTRY--TOPICAL TERM | |
| Topical term or geographic name as entry element | Rural women |
| Geographic subdivision | Egypt |
| General subdivision | Social conditions |
| Form subdivision | Case studies. |
| 9 (RLIN) | 5262 |
| 700 1# - ADDED ENTRY--PERSONAL NAME | |
| Personal name | Younis, Nabil. |
| 9 (RLIN) | 5263 |
| 700 1# - ADDED ENTRY--PERSONAL NAME | |
| Personal name | Zurayk, Huda. |
| 9 (RLIN) | 5264 |
| 710 2# - ADDED ENTRY--CORPORATE NAME | |
| Corporate name or jurisdiction name as entry element | Reproductive Health Working Group. |
| 9 (RLIN) | 5265 |
| 942 ## - ADDED ENTRY ELEMENTS (KOHA) | |
| Source of classification or shelving scheme | Dewey Decimal Classification |
| Item type | Book - Borrowing |
| Withdrawn status | Item status | Source of classification or shelving scheme | Damaged status | Not for loan | Vendor | Home library | Current library | Shelving location | Date acquired | Source of acquisition | Cost, normal purchase price | Serial Enumeration / chronology | Total Checkouts | Full call number | Barcode | Date last seen | Koha item type |
|---|---|---|---|---|---|---|---|---|---|---|---|---|---|---|---|---|---|
| Dewey Decimal Classification | AUC | Central Library | Central Library | First floor | 25/05/2009 | 10.00 | 4122 | 362.1982 KHA | 000016229 | 15/07/2025 | Book - Borrowing |